000 00651nam a2200265Ia 4500
005 20260324152902.0
008 008 260324s9999 xx 000 0 eng d
020 _a9780323310161
037 _aEBOOK
040 _aCRL
040 _beng
040 _cCRL
041 _2eng
041 _aeng
084 _qCRL
100 _aMcKeen, Laurence
245 0 _aEffect of Temperature and other Factors on Plastics and Elastomers
260 _bElsevier
260 _c2014
650 _aEngineering
856 _uhttps://www.sciencedirect.com/science/book/9780323310161
942 _cEBOOK
999 _c1840994
_d1840994